Fini les paroles : Booba - Statistiques

Statistiques générales
  • Ce quiz a été pris 174 fois
  • Le résultat moyen est 10 sur 30
Statistiques - réponses
Chanson Nombre de mots manquants Paroles Réponse % Correct
Dolce Camara 3 Enterrer sous terre tous mes cellulaires Piscine à débordement Pizza aux... Fruits de mer
96%
Kalash 1 Montre en diamants, lunettes de soleil Sors les kalash comme à Marseille Ma question préférée: qu'est-ce j'vais faire de tout cet... Oseille?
80%
92i veyron 2 J'ai Kalash et des mouftons, tous sous le même toit
Toujours d'humeur à les lever
Que l'avenir suce mon...
Troisième doigt
74%
Scarface 1 Comment j'vais faire Pour qu'elle oublie tous mes travers Bijoux, tatouages et mon... Univers?
64%
Petite fille 1 En tenant dans ma main tes petits doigts de femmeTu me laisses croire que Dieu est grand J'tomberai pour toi, plus jamais pour des... Kilogrammes
53%
Pitbull 4 J'ai pris la vie par derrière sans m'poser d'question J'aime une femme, elle m'a donné le sein M'a appris à m'tenir, à différencier l'... Homme et le chien
51%
A.C Milan 4 Mi-homme, mi-attentat
TLF ton O.V.N.I. crame
Chez nous personne vous aime...
Ni homme ni femme
48%
Validée 2 J'ai peut-être mes défauts
J'ai merdé, je l'avoue
Seul et triste comme...
Au dépôt
45%
Garcimore 2 Des dealeurs de came Hauts-de-Seine j'habite àl Rafale de bastos dans les amidales J'suis là pour la gagne ceci n'est pas un... Match amical
45%
Caramel 1 L'argent est gagné salement, les sommes sont colossales Chevaux noirs dans moteur allemand Ma rage est... Coloniale
37%
DKR 3 Je n'entends pas toutes ces hyènes J'suis devant un plat de tiep bou dienn Même noir j'pourrais... Rougir de haine
34%
Boulbi 3 J'y vois pas clair sans mon fusil à lunette J'fais plus de bif' qu'au tiercé Caliméro se plaint moins... La coquille percée
31%
JAUNÉ 3 Ils m'ont sauté mon IG, zebi, y a l'oiseau bleu
J'avais cinq millions d'followers, c'était ma vie d'avant
Toi, t'es célibataire, j'suis...
Single de diamant
31%
Paname 4 Plusieurs balles pour faux négro car il en cache dix J'aurais voulu être un artiste modifier le synopsis Mais tout est tracé comme le parcours d'... Un kilo de shit
30%
OKLM 1 OK, j'contrôle la zone jusqu'en Guyana J'ai posé l'trône sur l'Fujiyama Si je l'attrape, pauvre... Rihanna
29%
Destinée 1 Voilà les titres, 22 voilà les chtars, 9-2 voilà l'équipe J't'explique la scène, qui veut ma peau perdra la sienne, kho Froids sont les repas dans nos... Assiettes
26%
Ultra 4 Différentes religions, je serai donc rappelé par les dieux Jésus n'reviendra pas, il est cloué sur une croix en bois En tout cas, moi, j'l'attends pas, ni lui, ni... La fin du mois
26%
Pinocchio 3 Si t'es une michto, viens m'voir du cash j'en ai Pas besoin de pilule du lendemain, j'te crache dans l'nez Fais moi à manger... Papa est fatigué
26%
113 3 On débarque à 113 sur vous comme à Camille Groult Le niquage de mère, c'est tout droit négro, y'a pas mille routes J'n'ai jamais cru qu'ils étaient chavauds ils m'ont même pas... Mis le doute
24%
Garde la pêche 4 Le destin fait la loi, sélection naturelle Ma mère c'est mon père, j'suis number one pour elle L'argent, le pouvoir, c'est le... Nerf de la guerre
24%
Trône 3 Depuis 0.9, ils critiquaient mais ont tous saigné l'autotune On nous remettra pas les chaînes, nous J'baise la vie comme une chienne qu'a... Pas de prénom
24%
GLAIVE 5 J'passais une commande Uber Eats pendant qu'j'lui mettais des doigts Je sais qu'tu vas la retourner donc j't'ai mis ta veste à l'envers Espèce d'enculé d'requin, j'vais t'mettre... Dans un bocal en fer
23%
Au bout des rêves 1 Demande à la Sacem, qui est le boss? Si mon parcours a rien d'heroïque Ma clique est sous contrat, la tienne sous... Héroïne
20%
Saga 3 Si tu penses que j'suis à toi, tu peux partir
Notre histoire n'était qu'un strike, n'en fais pas une saga
Toi tu réchauffes les cœurs, j'...
Les fais refroidir
17%
Ridin' 4 Elle s'demande pourquoi elle a mal, en vrai elle s'en rappelle un peu
Rail de CC sur ma euq-zer, j'suis MJ, 23, at the buzzer
Hollywood money, Warner Brothers, j'...
Pèse des millions motherfucker
17%
DD 2 S'il manque un zéro Ta vie peut s'écourter surtout si le canon est long Toi, tu n'es pas comme nous, toi t'es bon qu'à donner... Des noms
15%
Salade Tomates Oignons 1 Faudra me couper la langue pour que je crache Personne ne vend plus que oi-m à ce que je sache Alors restez tranquilles, je pars aux... Bahamas
11%
Repose en paix 4 J'ai faim du bled et de mon terrain Je suis venu marquer mon temps malgré mon teint Ni bluff, ni simagrées, c'est bien des... Noirs et des maghrébins
10%
Une vie 5 Pour de l'argent tuent des négros, intelligents sont mes négros En face l'échec est cuisant, comme Amar qu'a pris dix ans Parloir, tôle, épuisant... Sale noir jeune et puissant
9%
Génération assassin 2 Transformation, quai de grenelleFéfé, kasher, Patrick Bruel L'chemin d′mon cœur est... Sombre ruelle
8%
Aucun quiz correspondant
Distribution des résultats
% des personnes avec chaque résultat
Percentile par nombre de réponses
Votre historique - résultats
Vous n’avez pas pris ce quiz